New Cutting Edge. Upper Intermediate: students book

Бібліографічні деталі
Автор: Cunningham S. Sarah
Інші автори: Moor P. Peter
Мова:Англійська
Опубліковано: Harlow, Longman, 2005
Предмети:
Формат: Книга
KOHA link:https://koha.lib.tpu.ru/cgi-bin/koha/opac-detail.pl?biblionumber=109853

MARC

LEADER 00000nam0a2200000 4500
001 109853
005 20231031120210.0
010 |a 0582825253 
035 |a (RuTPU)RU\TPU\book\118625 
090 |a 109853 
100 |a 20070214d2005 m y0engy50 ba 
101 0 |a eng 
102 |a GB 
105 |a a j 000zy 
200 1 |a New Cutting Edge. Upper Intermediate  |e students book  |f S. Cunningham, P. Moor 
210 |a Harlow  |c Longman  |d 2005 
215 |a 176 p.  |c il.  |e Прилож.: Mini-Dictionary 
610 1 |a английский язык 
610 1 |a учебные пособия 
610 1 |a лексика 
610 1 |a грамматика 
610 1 |a упражнения 
610 1 |a разговорная речь 
686 |a Ш143.21-923  |v LBC/SL-A  |2 rubbk 
700 1 |a Cunningham  |b S.  |g Sarah 
701 1 |a Moor  |b P.  |g Peter 
801 1 |a RU  |b 63413507  |c 20070214  |g PSBO 
801 2 |a RU  |b 63413507  |c 20200529  |g PSBO 
942 |c BK 
959 |a 14/20070214  |d 10  |e 0  |f ЯЦ_Медиатека:1